Ally and Empire (Record no. 1113594)

MARC details
000 -LEADER
fixed length control field 00948nam a2200289Ia 4500
003 - CONTROL NUMBER IDENTIFIER
control field OSt
005 - DATE AND TIME OF LATEST TRANSACTION
control field 20221006160549.0
008 - FIXED-LENGTH DATA ELEMENTS--GENERAL INFORMATION
fixed length control field 221006b |||||||| |||| 00| 0 eng d
020 ## - INTERNATIONAL STANDARD BOOK NUMBER
International Standard Book Number 9788971058992
-- 5.00
037 ## - SOURCE OF ACQUISITION
Terms of availability Textual
040 ## - CATALOGING SOURCE
Original cataloging agency EASL
Transcribing agency EASL
Language of cataloging eng
041 ## - LANGUAGE CODE
Source of code eng
Language code of text/sound track or separate title eng
100 ## - MAIN ENTRY--PERSONAL NAME
Personal name Park Tae Gyun
9 (RLIN) 674145
245 #0 - TITLE STATEMENT
Title Ally and Empire
Remainder of title Two myths of South Korea-United States Relations, 1945-1980
260 ## - PUBLICATION, DISTRIBUTION, ETC.
Place of publication, distribution, etc. Seoul
Name of publisher, distributor, etc. Academy of Korean Studies Press Korea
Date of publication, distribution, etc. 2012
300 ## - PHYSICAL DESCRIPTION
Extent 412p.
Dimensions cm.
490 ## - SERIES STATEMENT
Volume/sequential designation KEL
650 ## - SUBJECT ADDED ENTRY--TOPICAL TERM
Topical term or geographic name entry element KEL
650 ## - SUBJECT ADDED ENTRY--TOPICAL TERM
Topical term or geographic name entry element Korea - Foreign relations - United States
9 (RLIN) 653618
700 ## - ADDED ENTRY--PERSONAL NAME
Personal name Cho Ilsoo David Tr.
9 (RLIN) 674146
942 ## - ADDED ENTRY ELEMENTS (KOHA)
Classification part V495:1973.N80, Q2
Koha item type Textual
Source of classification or shelving scheme Colon Classification (CC)
Holdings
Withdrawn status Lost status Source of classification or shelving scheme Damaged status Not for loan Home library Current library Date acquired Source of acquisition Serial Enumeration / chronology Total Checkouts Full call number Barcode Date last seen Price effective from Koha item type
          Department of East Asian Studies Library Department of East Asian Studies Library 2022-10-06 Gift, KCC (Window on Korea) KEL   V495:1973.N80 Q2 EA1603131 2022-10-06 2022-10-06 Textual
Copyright @ Delhi University Library System